[Event "Superettan(Rockaden,SthlmII-VasterasII)"]
[Site "?"]
[Date "2020.02.29"]
[Round "6"]
[White "Granath, Jonas"]
[Black "Todorovic, Zoran"]
[Result "0-1"]
[WhiteElo "1760"]
[BlackElo "2034"]
[PlyCount "90"]
1. e4 c5 2. d4 cxd4 3. c3 dxc3 4. Nxc3 Nc6 5. Nf3 d6 6. Bc4 e6 7. O-O Be7 8.
Qe2 a6 9. Rd1 Qc7 10. Bf4 Ne5 11. Nxe5 dxe5 12. Be3 Nf6 13. Rac1 Bd7 14. a3 Rc8
15. Ba2 Qb8 16. b4 O-O 17. f3 b5 18. Qf2 Rc6 19. g4 Qb7 20. Rd3 Rfc8 21. Qd2
Be8 22. Ne2 Rxc1+ 23. Nxc1 Qc7 24. Nb3 Nd7 25. Bb1 Nb6 26. Na5 Nc4 27. Nxc4
Qxc4 28. Bf2 Qc1+ 29. Qd1 Rc3 30. Be1 Qxd1 31. Rxd1 Rxa3 32. Bc2 Ra2 33. Bb3
Rb2 34. Rd3 Rb1 35. Bd1 Kf8 36. Kf2 Bxb4 37. Bxb4+ Rxb4 38. Ra3 Rd4 39. Be2 Rd6
40. Ke3 Ke7 41. Rc3 Rc6 42. Rd3 b4 43. f4 exf4+ 44. Kxf4 Rc2 45. Ke3 Rxe2+ 0-1

[Event "Superettan(Rockaden,SthlmII-VasterasII)"]
[Site "?"]
[Date "2020.02.29"]
[Round "6"]
[White "Jafarzadeh, Mehrdad"]
[Black "Bjorkman, Filip"]
[Result "0-1"]
[WhiteElo "2066"]
[BlackElo "1950"]
[PlyCount "68"]
1. d4 d5 2. Nf3 Nf6 3. c4 e6 4. Nc3 c6 5. Bg5 dxc4 6. a4 Bb4 7. e3 b5 8. Be2
Nbd7 9. O-O Qb6 10. Qc2 Bb7 11. Rfd1 a6 12. b3 cxb3 13. Qxb3 Be7 14. axb5 cxb5
15. Rdb1 O-O 16. Ne5 Nxe5 17. dxe5 Nd5 18. Ne4 Bxg5 19. Nxg5 h6 20. Ne4 Ne7 21.
Nd6 Bd5 22. Qb2 Rfd8 23. e4 Bc6 24. Bh5 g6 25. Qc1 gxh5 26. Qxh6 Rxd6 27. exd6
Ng6 28. Qxh5 Bxe4 29. Rb4 Bd5 30. Rg4 Qxd6 31. h4 Kf8 32. Qh6+ Ke7 33. Qg5+ Kd7
34. Rf4 Qxf4 0-1

[Event "Superettan(Kristallen-Kungstornet)"]
[Site "?"]
[Date "2020.02.29"]
[Round "6"]
[White "von Bahr, Oskar"]
[Black "Walinder, Lars"]
[Result "1/2-1/2"]
[WhiteElo "2400"]
[BlackElo "2280"]
[PlyCount "105"]
[EventDate "2020.??.??"]
[SourceDate "2020.03.05"]
1. Nf3 d5 2. g3 Nf6 3. Bg2 Bf5 4. c4 e6 5. Qb3 Na6 6. d3 Nc5 7. Qc2 c6 8. Be3
Rc8 9. O-O Be7 10. b4 Ncd7 11. Nh4 Bg4 12. h3 Bh5 13. g4 Bg6 14. Nxg6 hxg6 15.
Qa4 a6 16. Nc3 Bd6 17. Rfc1 Bb8 18. cxd5 exd5 19. Kf1 O-O 20. Qb3 Re8 21. b5
axb5 22. a4 Nf8 23. d4 Qd6 24. axb5 Qh2 25. Na4 Ne6 26. Nb6 Rcd8 27. bxc6 bxc6
28. Ra8 Nf4 29. Bxf4 Qxf4 30. e3 Qd6 31. Qa3 Qe6 32. Ra6 Ne4 33. Qb2 Qd6 34.
Na4 Qh2 35. Raxc6 Ng5 36. Qe2 Nxh3 37. Bxh3 Qxh3+ 38. Ke1 Bf4 39. Kd2 Qg2 40.
Nb6 Bd6 41. f3 Bb4+ 42. Kd3 Qg3 43. Rh1 Ra8 44. Nxa8 Rxa8 45. Rhc1 Ra3+ 46.
R1c3 Qb8 47. Qb2 Qb5+ 48. Kc2 Qa4+ 49. Kb1 Rxc3 50. Rxc3 Bxc3 51. Qb8+ Kh7 52.
Qh2+ Kg8 53. Qb8+ 1/2-1/2

[Event "Superettan(Kristallen-Kungstornet)"]
[Site "?"]
[Date "2020.02.29"]
[Round "6"]
[White "Lindh, Fredrik"]
[Black "Lyrberg, Patrik"]
[Result "0-1"]
[WhiteElo "2284"]
[BlackElo "2452"]
[PlyCount "100"]
[EventDate "2020.??.??"]
1. e4 c6 2. d4 d5 3. e5 g6 4. f4 h5 5. Nf3 Bg4 6. Be2 e6 7. O-O Bxf3 8. Bxf3
Qb6 9. a4 a5 10. Na3 Nh6 11. Qd3 Nf5 12. c3 Na6 13. Nc2 Be7 14. Bd2 Qb3 15.
Rfb1 O-O 16. Bd1 Rfe8 17. g3 c5 18. Qb5 Qxb5 19. axb5 Nb8 20. Ne3 Nxe3 21. Bxe3
Nd7 22. Ra2 cxd4 23. Bxd4 Bc5 24. Bxc5 Nxc5 25. Bc2 b6 26. Rd1 Kg7 27. Kf2 a4
28. Rd4 Ra5 29. Rb4 Rea8 30. Ra3 f5 31. exf6+ Kxf6 32. h4 R5a7 33. Ke3 Nb7 34.
Raxa4 Rxa4 35. Bxa4 Nd6 36. Bc2 Nc4+ 37. Kd3 Ra1 38. b3 Nd6 39. Ke2 Rg1 40. Bd3
Rxg3 41. Ra4 Ne4 42. Bxe4 dxe4 43. Kd2 Rd3+ 44. Kc2 Kf5 45. c4 Rd8 46. b4 e3
47. Ra1 Kxf4 48. Rd1 e2 49. Rh1 Kf3 50. c5 Kg2 0-1

[Event "Superettan(Kristallen-Kungstornet)"]
[Site "?"]
[Date "2020.02.29"]
[Round "6"]
[White "Couso, Luis"]
[Black "Andersson, Goran L"]
[Result "1/2-1/2"]
[WhiteElo "2248"]
[BlackElo "2269"]
[PlyCount "35"]
[EventDate "2020.??.??"]
1. c4 e6 2. g3 d5 3. Bg2 Nf6 4. Nf3 dxc4 5. Na3 Bxa3 6. bxa3 O-O 7. Bb2 b5 8.
Nd4 Nd5 9. Nxb5 Nd7 10. Qc2 N7b6 11. Rc1 Bb7 12. O-O c5 13. Ba1 Qd7 14. Rb1 Bc6
15. Nc3 Nxc3 16. Qxc3 f6 17. Bxc6 Qxc6 18. Qa5 1/2-1/2

[Event "Superettan(Kristallen-Kungstornet)"]
[Site "?"]
[Date "2020.02.29"]
[Round "6"]
[White "Naslund, Mikael"]
[Black "Henriksson, Johan"]
[Result "0-1"]
[WhiteElo "2148"]
[BlackElo "2265"]
[PlyCount "57"]
[EventDate "2020.??.??"]
1. d4 d5 2. c4 dxc4 3. Nf3 Nf6 4. e3 e6 5. Bxc4 c5 6. O-O a6 7. Bb3 Nc6 8. a4
Be7 9. Nc3 O-O 10. Re1 Qc7 11. d5 exd5 12. Nxd5 Nxd5 13. Bxd5 Rd8 14. Qb3 Na5
15. Qa2 c4 16. e4 Nb3 17. Rb1 Bb4 18. Rd1 Be6 19. Bg5 Rd7 20. Bh4 Bxd5 21. Rxd5
f6 22. Rbd1 Rad8 23. Qb1 Qc6 24. Rxd7 Rxd7 25. e5 g5 26. Rxd7 Qxd7 27. Qc2 Qd3
28. Ne1 Bxe1 29. Bg3 0-1

[Event "Superettan(Kristallen-Kungstornet)"]
[Site "?"]
[Date "2020.02.29"]
[Round "6"]
[White "Andersson, Fredrik"]
[Black "Persson, Andreas"]
[Result "1-0"]
[WhiteElo "2281"]
[BlackElo "2129"]
[PlyCount "103"]
[EventDate "2020.??.??"]
1. d4 Nf6 2. c4 e6 3. Nc3 Bb4 4. e3 O-O 5. Nge2 c6 6. a3 Ba5 7. b4 Bc7 8. Ng3
d5 9. cxd5 exd5 10. Bd3 Re8 11. Qc2 Nbd7 12. O-O a5 13. b5 c5 14. e4 cxd4 15.
Nxd5 Nxd5 16. exd5 Nf8 17. Bb2 Bb6 18. Be4 Bd7 19. a4 g6 20. Rad1 Rc8 21. Qd3
f5 22. Bf3 Qf6 23. Bxd4 Bxd4 24. Qxd4 Qxd4 25. Rxd4 Rc2 26. Rfd1 Kf7 27. Nf1
Rec8 28. Ne3 R2c5 29. Be2 Kf6 30. Nc4 Ra8 31. Nb6 Re8 32. Bf3 g5 33. g3 Rb8 34.
Re1 Rc3 35. Bg2 Rc2 36. h3 Rd8 37. Bf3 Ng6 38. d6 f4 39. g4 Be6 40. Bxb7 Ne5
41. Kg2 Nf7 42. d7 Rb8 43. Nd5+ Bxd5+ 44. Bxd5 Nd8 45. Be4 Rc5 46. Bxh7 Re5 47.
Rxe5 Kxe5 48. Rc4 Rb7 49. Bf5 Kd6 50. Rc8 Ke7 51. Ra8 Rc7 52. Rxa5 1-0

[Event "Superettan(Rock.,SthlmII-Rockaden,Umea)"]
[Site "?"]
[Date "2020.02.02"]
[Round "4"]
[White "Larsson, Johan"]
[Black "Tuomainen, Felix"]
[Result "1/2-1/2"]
[WhiteElo "2194"]
[BlackElo "2208"]
[PlyCount "87"]
[EventDate "2020.??.??"]
1. d4 Nf6 2. Bg5 d5 3. Bxf6 exf6 4. e3 Bd6 5. g3 O-O 6. Bg2 c6 7. Ne2 Bf5 8.
Nd2 Qd7 9. O-O Bh3 10. Bxh3 Qxh3 11. c4 dxc4 12. Nxc4 Qe6 13. Qd3 Rd8 14. a3
Nd7 15. b4 Bc7 16. Nc3 Ne5 17. Nxe5 fxe5 18. Rfd1 exd4 19. exd4 Bb6 20. d5 Qf6
21. Ra2 h6 22. Rad2 a5 23. b5 a4 24. bxc6 bxc6 25. Ne4 Qe5 26. d6 f5 27. Qc4+
Kh8 28. Nc3 Ba5 29. Rd3 Bxc3 30. Qxc3 Qxc3 31. Rxc3 Ra6 32. Rc5 g6 33. h4 h5
34. d7 f4 35. Re5 Kg7 36. Rd6 fxg3 37. fxg3 Kf7 38. Ree6 Rxd7 39. Rxg6 Rxd6 40.
Rxd6 Rb6 41. Kf2 Kg7 42. Rd4 Rb2+ 43. Kf1 Rb3 44. Rxa4 1/2-1/2

[Event "Superettan(Team Pelaro-Orgryte)"]
[Site "?"]
[Date "2020.02.02"]
[Round "6"]
[White "Agrest, Inna"]
[Black "Arnelind, Mikael"]
[Result "1-0"]
[WhiteElo "2290"]
[BlackElo "2209"]
[PlyCount "129"]
[EventDate "2020.??.??"]
1. e4 e6 2. d4 d5 3. Nc3 Bb4 4. a3 Bxc3+ 5. bxc3 dxe4 6. Qg4 Nf6 7. Qxg7 Rg8 8.
Qh6 Nbd7 9. Ne2 b6 10. Ng3 Bb7 11. a4 a5 12. Bb5 Rg6 13. Qh4 Ng4 14. Qxd8+ Rxd8
15. O-O Ngf6 16. Re1 Rc8 17. Rb1 Kf8 18. Ne2 e3 19. Nf4 exf2+ 20. Kxf2 Rg7 21.
Kg1 Kg8 22. Bf1 Nd5 23. Nh5 Rg6 24. c4 N7f6 25. cxd5 Nxh5 26. dxe6 fxe6 27. Re5
Ng7 28. Rg5 Be4 29. Rb2 Nf5 30. c3 Nd6 31. Rf2 Rf8 32. Re5 Rxf2 33. Kxf2 Bc2
34. c4 Bxa4 35. c5 Rf6+ 36. Ke1 Nf7 37. Re3 Bc2 38. Bc4 Nd8 39. cxb6 cxb6 40.
d5 exd5 41. Bxd5+ Rf7 42. Re8+ Kg7 43. Bb2+ Kh6 44. Bxf7 Nxf7 45. Re6+ Kg5 46.
Rxb6 a4 47. Kf2 Bb3 48. Ke3 Kg4 49. Rf6 Kg5 50. Rb6 Kf5 51. h3 h5 52. Rb5+ Kg6
53. Kf4 Bc2 54. Rb6+ Kh7 55. Rf6 Bb3 56. Ra6 Bc2 57. Kg3 Bd1 58. Kh4 Kg8 59.
Rg6+ Kf8 60. Ba3+ Ke8 61. Re6+ Kd8 62. Re1 Bb3 63. Kxh5 Kd7 64. g4 Bc2 65. Re7+
1-0

[Event "Superettan(Rock.,SthlmII-Rockaden,Umea)"]
[Site "?"]
[Date "2020.02.02"]
[Round "4"]
[White "Crevatin, Leo"]
[Black "Krantz, Christopher"]
[Result "1/2-1/2"]
[WhiteElo "2247"]
[BlackElo "2201"]
[PlyCount "106"]
[EventDate "2020.??.??"]
1. d4 d5 2. c4 dxc4 3. e4 Nc6 4. Nf3 Bg4 5. d5 Ne5 6. Bf4 Ng6 7. Be3 e5 8. Bxc4
Nf6 9. Nc3 Nh4 10. O-O Bxf3 11. gxf3 Bd6 12. Bg5 Ng6 13. Bb5+ Kf8 14. Kh1 h6
15. Be3 Nh5 16. Ne2 Qf6 17. Ng3 Nhf4 18. Nf5 Nh4 19. Bxf4 exf4 20. Nxh4 Qxh4
21. Qe2 Qe7 22. Rg1 g6 23. Rae1 Be5 24. b3 Kg7 25. Bd3 Rhd8 26. Rc1 Rd6 27.
Rgd1 g5 28. Qc2 Rg6 29. Rg1 Qd7 30. Bf1 Kh8 31. Qc4 Rag8 32. Qb5 Qc8 33. d6
Bxd6 34. e5 c6 35. Qc4 Bxe5 36. Qxf7 Qc7 37. Qf5 Qg7 38. Bd3 Qf6 39. Qh3 R6g7
40. Rce1 Re7 41. Re2 Kg7 42. Rge1 Rge8 43. Qg4 Bd4 44. Rxe7+ Rxe7 45. Rxe7+
Qxe7 46. Be4 Bxf2 47. Qf5 Qd6 48. Qh7+ Kf8 49. Kg2 Be3 50. Qxb7 h5 51. Qa8+ Ke7
52. Qb7+ Kf6 53. Qxc6 Qxc6 1/2-1/2

[Event "Superettan(Team Pelaro-Orgryte)"]
[Site "?"]
[Date "2020.02.02"]
[Round "6"]
[White "Eksmyr, Johan"]
[Black "Bjorklund, Thomas"]
[Result "1/2-1/2"]
[WhiteElo "2155"]
[BlackElo "2170"]
[PlyCount "116"]
[EventDate "2020.??.??"]
1. d4 d5 2. Bg5 g6 3. Nc3 Bg7 4. Qd2 Bf5 5. f3 c5 6. e3 cxd4 7. Bb5+ Nc6 8.
exd4 Rc8 9. Nge2 h6 10. Be3 a6 11. Ba4 Nf6 12. g4 Be6 13. Nf4 Qd6 14. O-O-O b5
15. Bb3 Na5 16. Nxe6 Qxe6 17. Rde1 Qd7 18. Bf4 e6 19. Kb1 Nc4 20. Qd3 Qc6 21.
h4 Nd7 22. Bxc4 bxc4 23. Qd2 Kf8 24. Ne2 Nb6 25. Qb4+ Kg8 26. Be5 Na4 27. Nc3
Nb6 28. Bxg7 Kxg7 29. g5 h5 30. Ne2 Na4 31. Qe7 Rhe8 32. Qf6+ Kg8 33. Nf4 Qb7
34. b3 cxb3 35. cxb3 Rc3 36. Nxg6 fxg6 37. Qxg6+ Kf8 38. Qh6+ Qg7 39. Qxg7+
Kxg7 40. bxa4 Rxf3 41. Rhf1 Rb8+ 42. Kc1 Rxf1 43. Rxf1 Rb4 44. Rf6 Rxa4 45.
Rxe6 Rxd4 46. Rxa6 Rxh4 47. Rd6 Ra4 48. Kb2 h4 49. Kb3 Rg4 50. Rh6 d4 51. Kc4
d3+ 52. Kxd3 Ra4 53. Ke3 h3 54. Kf3 Rxa2 55. Rxh3 Kg6 56. Rg3 Ra3+ 57. Kg2
Rxg3+ 58. Kxg3 Kxg5 1/2-1/2

[Event "Superettan(Rock.,SthlmII-Rockaden,Umea)"]
[Site "?"]
[Date "2020.02.02"]
[Round "4"]
[White "Mardell, Jimmy"]
[Black "Nikolic, Vladan"]
[Result "1-0"]
[WhiteElo "2138"]
[BlackElo "2201"]
[PlyCount "67"]
[EventDate "2020.??.??"]
1. e4 e5 2. Nf3 Nc6 3. Bc4 Bc5 4. c3 Nf6 5. d3 O-O 6. O-O d5 7. exd5 Nxd5 8.
Re1 Bg4 9. Nbd2 Nb6 10. Ne4 Bd6 11. Bb3 Kh8 12. Ng3 f5 13. h3 e4 14. hxg4 exf3
15. Qxf3 Ne5 16. Rxe5 Bxe5 17. Nxf5 g6 18. Qe3 Bf6 19. Nh6 Qd7 20. Be6 Qe7 21.
Bd2 Rae8 22. Re1 Qd6 23. g5 Bg7 24. Qh3 Re7 25. Re4 Rfe8 26. Bf4 Qxf4 27. Rxf4
Rxe6 28. Re4 Rxe4 29. dxe4 Rxe4 30. Qf3 Re1+ 31. Kh2 Re7 32. Qxb7 Re8 33. Qc6
Re2 34. f4 1-0

[Event "Superettan(Team Pelaro-Orgryte)"]
[Site "?"]
[Date "2020.02.02"]
[Round "6"]
[White "Wengholm, Anders"]
[Black "Kumar, Rahul"]
[Result "1-0"]
[WhiteElo "2206"]
[BlackElo "2151"]
[PlyCount "115"]
[EventDate "2020.??.??"]
1. c4 g6 2. Nc3 Bg7 3. d4 d6 4. Nf3 Nc6 5. d5 Nb8 6. e4 Bg4 7. Be2 Bxf3 8. Bxf3
Nd7 9. Qd2 a5 10. O-O Ngf6 11. h3 Nc5 12. Qc2 O-O 13. Be3 b6 14. Rad1 Qc8 15.
Rfe1 Nfd7 16. b3 e5 17. dxe6 fxe6 18. Be2 Qb7 19. f3 e5 20. Nb5 Nb8 21. Qd2 Rf7
22. Rb1 Nc6 23. Red1 Ne6 24. Qd5 Ncd8 25. Qxb7 Nxb7 26. a3 Rd7 27. b4 c6 28.
Nc3 Nd4 29. b5 Nxe2+ 30. Nxe2 c5 31. Nc3 Nd8 32. Rd3 Ne6 33. Nd5 Rb7 34. h4 Rf8
35. Rf1 h5 36. Nc3 Rd8 37. Rfd1 Bf8 38. g3 Be7 39. Nd5 Nd4 40. Nxe7+ Rxe7 41.
Bg5 Rdd7 42. Bxe7 Rxe7 43. Kg2 Kf7 44. R1d2 Ke6 45. Rf2 Re8 46. a4 Rh8 47. Kf1
Rg8 48. f4 Rb8 49. Ke1 Rb7 50. Kd2 Rb8 51. Ke3 Rb7 52. Rd1 Rb8 53. Rdf1 Re8 54.
fxe5 Kxe5 55. Rf8 Re6 56. R1f2 Re7 57. R2f7 Re6 58. Kd3 1-0

[Event "Superettan(Kungstornet-Vasteras II)"]
[Site "?"]
[Date "2020.02.02"]
[Round "4"]
[White "Eriksson, Anders"]
[Black "Lyrberg, Patrik"]
[Result "0-1"]
[WhiteElo "2224"]
[BlackElo "2452"]
[PlyCount "58"]
[EventDate "2020.??.??"]
1. Nf3 d5 2. g3 c6 3. Bg2 Bf5 4. O-O Nd7 5. d4 h6 6. Nbd2 Ngf6 7. b3 e6 8. Bb2
Ne4 9. Nxe4 Bxe4 10. Bh3 h5 11. Nd2 Bf5 12. Bg2 h4 13. e4 dxe4 14. Nxe4 Nf6 15.
Nxf6+ Qxf6 16. g4 h3 17. Bh1 Qg6 18. f3 Rh4 19. Qe1 Be7 20. Qe5 O-O-O 21. Rf2
Bxg4 22. fxg4 Rxg4+ 23. Kf1 Bh4 24. Rd2 Rg1+ 25. Ke2 Rxh1 26. Rxh1 Qg2+ 27. Kd3
Qxh1 28. Qxg7 Qf3+ 29. Kc4 b5+ 0-1

[Event "Superettan(Kamraterna-Schack 08)"]
[Site "?"]
[Date "2020.02.02"]
[Round "6"]
[White "Laveryd, Peter"]
[Black "Svensson, Bengt"]
[Result "1/2-1/2"]
[WhiteElo "2362"]
[BlackElo "2314"]
[PlyCount "48"]
[EventDate "2020.??.??"]
1. e4 c5 2. Nc3 Nc6 3. f4 g6 4. Nf3 Bg7 5. Bc4 e6 6. f5 Nge7 7. fxe6 fxe6 8. d3
d5 9. Bb3 b5 10. O-O c4 11. dxc4 dxc4 12. Qxd8+ Kxd8 13. Rd1+ Bd7 14. Nxb5 cxb3
15. axb3 Rb8 16. c4 h6 17. Be3 a5 18. b4 axb4 19. Ra6 Kc8 20. Ba7 Ra8 21. Nd6+
Kc7 22. Nb5+ Kc8 23. Nd6+ Kc7 24. Nb5+ Kc8 1/2-1/2

[Event "Superettan(Kungstornet-Vasteras II)"]
[Site "?"]
[Date "2020.02.02"]
[Round "4"]
[White "von Bahr, Oskar"]
[Black "Norberg, Erik"]
[Result "0-1"]
[WhiteElo "2400"]
[BlackElo "2241"]
[PlyCount "82"]
[EventDate "2020.??.??"]
1. c4 c5 2. g3 Nc6 3. Bg2 g6 4. Nc3 Bg7 5. d3 d6 6. Qd2 e5 7. b3 Nge7 8. Bb2
Rb8 9. e3 a6 10. Nd5 b5 11. Ne2 Nxd5 12. cxd5 Ne7 13. b4 cxb4 14. Qxb4 a5 15.
Qd2 O-O 16. O-O b4 17. a3 Qb6 18. axb4 axb4 19. d4 Ba6 20. dxe5 dxe5 21. Rfb1
Rfd8 22. e4 Nc6 23. Nc1 Na5 24. Qe3 Nc4 25. Qxb6 Rxb6 26. Nb3 Nd6 27. Na5 Bd3
28. Re1 Re8 29. f3 f5 30. Nb3 fxe4 31. fxe4 Nc4 32. Bc1 Bc2 33. Na5 Ra6 34. Nb3
Rea8 35. Rxa6 Rxa6 36. Nd2 Nd6 37. Bf1 Ra1 38. Nc4 b3 39. Nxd6 Bh6 40. Bb2 Rxe1
41. Kf2 Rb1 0-1

[Event "Superettan(Kamraterna-Schack 08)"]
[Site "?"]
[Date "2020.02.02"]
[Round "6"]
[White "Hamark, Jesper"]
[Black "Nyander, Joakim"]
[Result "1/2-1/2"]
[WhiteElo "2353"]
[BlackElo "2232"]
[PlyCount "186"]
[EventDate "2020.??.??"]
1. c4 Nf6 2. Nc3 c5 3. Nf3 e6 4. e3 Be7 5. d4 d6 6. d5 e5 7. e4 O-O 8. Bd3 Ne8
9. h3 Nd7 10. a3 a6 11. b4 b6 12. Be3 g6 13. g4 Ng7 14. Qc2 Rb8 15. Rb1 Rb7 16.
Rg1 Kh8 17. Kd2 Ra7 18. Rb2 Ra8 19. Na4 Qc7 20. bxc5 bxc5 21. Rgb1 Bd8 22. Nc3
Kg8 23. Bh6 Rb8 24. Ke2 Rxb2 25. Rxb2 Be7 26. Qb1 Bd8 27. Qc2 Be7 28. Qb1 Bd8
29. Nd2 Kh8 30. Nf1 Rg8 31. Ng3 Ne8 32. Bd2 Ng7 33. Bh6 Ne8 34. Bd2 Ng7 35. Kd1
Re8 36. Kc2 Kg8 37. Kd1 Rf8 38. Kc2 Be7 39. Bh6 Bd8 40. Kb3 Be7 41. Ka2 Bd8 42.
Bd2 Kh8 43. Bh6 Kg8 44. Bd2 Kh8 45. Nce2 Kg8 46. Bh6 Re8 47. Bd2 Rf8 48. Nc1
Nf6 49. Nb3 Qd7 50. Na5 Bxa5 51. Bxa5 h5 52. f3 Nh7 53. Bd2 Qe7 54. Qg1 Kh8 55.
Qg2 Rg8 56. Ne2 Qc7 57. Qg1 Qd8 58. Qg3 Nf8 59. Rb1 Kh7 60. f4 Nd7 61. Qe3 Rh8
62. f5 hxg4 63. hxg4 Qh4 64. g5 Nh5 65. Rg1 Kg8 66. Qf3 gxf5 67. exf5 e4 68.
Qxe4 Qxe4 69. Bxe4 Ng7 70. f6 Rh4 71. Ng3 Nh5 72. Nxh5 Rxe4 73. Re1 Rxe1 74.
Bxe1 Ne5 75. Kb3 Bg4 76. Ng7 Be2 77. Nf5 Bxc4+ 78. Kc3 Kh7 79. Nxd6 Bxd5 80.
Bf2 Kg6 81. Bxc5 Kxg5 82. Kd4 Kxf6 83. Kxd5 Nd3 84. Bb4 Nf4+ 85. Kc6 Ke6 86.
Kb7 a5 87. Bxa5 Kxd6 88. Bc7+ Kc5 89. Bxf4 Kb5 90. Bc1 f5 91. Kc7 Ka4 92. Kd6
f4 93. Bxf4 Kxa3 1/2-1/2

[Event "Superettan(Kungstornet-Vasteras II)"]
[Site "?"]
[Date "2020.02.02"]
[Round "4"]
[White "Janse, Love"]
[Black "Backlund, Anders"]
[Result "1/2-1/2"]
[WhiteElo "2214"]
[BlackElo "2278"]
[PlyCount "60"]
[EventDate "2020.??.??"]
1. e4 e6 2. d3 d5 3. Qe2 c5 4. Nf3 Nc6 5. g3 Nge7 6. Bg2 g6 7. h4 h6 8. e5 b6
9. c4 Bb7 10. Nc3 Bg7 11. Bf4 Nf5 12. g4 Nfd4 13. Nxd4 Nxd4 14. Qd2 Qd7 15.
O-O-O O-O-O 16. Kb1 dxc4 17. Ne4 Bxe4 18. Bxe4 Qc7 19. Rhe1 Nc6 20. Qc1 cxd3
21. Bxd3 Nb4 22. Be4 Rxd1 23. Qxd1 Rd8 24. Qe2 Nd5 25. Bg3 g5 26. hxg5 hxg5 27.
Qf3 Rd7 28. Bd3 Kb8 29. Bb5 Rd8 30. Qe4 Qb7 1/2-1/2

[Event "Superettan(Kamraterna-Schack 08)"]
[Site "?"]
[Date "2020.02.02"]
[Round "6"]
[White "Ottenklev, Niclas"]
[Black "Svenn, Gosta"]
[Result "1-0"]
[WhiteElo "2192"]
[BlackElo "2301"]
[PlyCount "147"]
[EventDate "2020.??.??"]
1. e4 c5 2. Nf3 e6 3. Qe2 Nc6 4. c3 Nf6 5. g3 e5 6. Bg2 Be7 7. O-O O-O 8. d3
Re8 9. Bg5 d6 10. h3 Be6 11. Nbd2 Qd7 12. Kh2 h6 13. Bxf6 Bxf6 14. Nc4 d5 15.
exd5 Bxd5 16. Ne3 Be6 17. Qc2 Red8 18. Rad1 Rac8 19. Rfe1 b5 20. b3 g6 21. Qe2
a6 22. Rd2 Bg7 23. Red1 Re8 24. Nc2 Qc7 25. Ne3 f5 26. Ne1 Qf7 27. Qf3 f4 28.
N3c2 Red8 29. Qe2 b4 30. c4 h5 31. Be4 Bh6 32. g4 hxg4 33. hxg4 f3 34. Qxf3
Qxf3 35. Bxf3 Bxd2 36. Rxd2 Kg7 37. Kg3 Rd7 38. Be4 a5 39. Nf3 Ra7 40. Bxc6
Rxc6 41. Nxe5 Rd6 42. d4 a4 43. d5 axb3 44. axb3 Ra2 45. Nd3 Bxd5 46. Nxc5 Rc6
47. Nd3 Bxc4 48. Ndxb4 Bxb3 49. Nxc6 Rxc2 50. Rxc2 Bxc2 51. Kf4 Ba4 52. Nd4 Kf6
53. g5+ Ke7 54. Ke5 Be8 55. Ne2 Ba4 56. Nf4 Bc2 57. Nd5+ Kf7 58. Kd6 Bb1 59.
Nb6 Bc2 60. Nd7 Bb1 61. Ne5+ Kg7 62. Ke7 Bf5 63. Nc6 Bc2 64. Nd4 Bb1 65. Ne6+
Kg8 66. Kf6 Bc2 67. Nf4 Kh7 68. Nd5 Bb3 69. Nc7 Bc2 70. Kf7 Bb3+ 71. Ne6 Ba2
72. Kf6 Kg8 73. Nf4 Bb1 74. Nxg6 1-0

[Event "Superettan(Kungstornet-Vasteras II)"]
[Site "?"]
[Date "2020.02.02"]
[Round "4"]
[White "Andersson, Fredrik"]
[Black "Jonsson, Mikael"]
[Result "1/2-1/2"]
[WhiteElo "2281"]
[BlackElo "2225"]
[PlyCount "31"]
[EventDate "2020.??.??"]
1. d4 Nf6 2. c4 e6 3. Nf3 Bb4+ 4. Nbd2 O-O 5. a3 Bxd2+ 6. Qxd2 d5 7. e3 b6 8.
cxd5 Qxd5 9. Qc2 Ba6 10. Bxa6 Nxa6 11. O-O c5 12. Qa4 Qb7 13. Bd2 cxd4 14. Nxd4
Ne4 15. Bb4 Rfc8 16. Rac1 1/2-1/2

[Event "Superettan(Kamraterna-Schack 08)"]
[Site "?"]
[Date "2020.02.02"]
[Round "6"]
[White "Aberg, Anton"]
[Black "Wikstrom, Per"]
[Result "0-1"]
[WhiteElo "2342"]
[BlackElo "2161"]
[PlyCount "110"]
[EventDate "2020.??.??"]
1. e4 e6 2. d4 d5 3. e5 c5 4. c3 Bd7 5. Nf3 Qa5 6. dxc5 Qxc5 7. Bd3 Qc7 8. O-O
Nc6 9. Re1 h6 10. Na3 Bxa3 11. bxa3 Na5 12. Rb1 Nc4 13. Qe2 Ne7 14. Nd2 b5 15.
a4 a6 16. Qg4 Bc6 17. Nf3 g6 18. Nd4 Qd7 19. h4 O-O-O 20. axb5 Bxb5 21. Qf3 Nc6
22. Nxb5 axb5 23. Bf4 N6a5 24. h5 g5 25. Bc1 Kc7 26. Qf6 Rb8 27. Re2 Kc6 28.
Bc2 Kc7 29. g3 Nc6 30. Re1 Qe7 31. Qxe7+ Nxe7 32. Bd3 Kc6 33. g4 Ra8 34. Re2
Nc8 35. f4 gxf4 36. Bxf4 N8b6 37. Kh2 Na4 38. Rc2 Na3 39. Rcc1 Nxb1 40. Bxb1
Nc5 41. Be3 Ra4 42. Kh3 Ne4 43. Bd4 Nd2 44. Bc2 Rxa2 45. g5 hxg5 46. Kg4 Ne4
47. Bxe4 dxe4 48. Kxg5 Rg2+ 49. Kf6 Rxh5 50. Kxf7 Kd5 51. Ra1 Rh7+ 52. Kf6 Rh3
53. Ra6 Rf3+ 54. Ke7 Rg7+ 55. Ke8 e3 0-1

[Event "Superettan(Kungstornet-Vasteras II)"]
[Site "?"]
[Date "2020.02.02"]
[Round "4"]
[White "Backman, Andreas"]
[Black "Aronsson, Marten"]
[Result "1/2-1/2"]
[WhiteElo "2103"]
[BlackElo "2219"]
[PlyCount "112"]
[EventDate "2020.??.??"]
1. d4 d5 2. c4 c6 3. Nf3 Nf6 4. Nc3 dxc4 5. a4 Bf5 6. Ne5 e6 7. f3 Bb4 8. Kf2
Nbd7 9. Nxd7 Nxd7 10. e4 Bg6 11. Bxc4 e5 12. Na2 Bd6 13. d5 Bc5+ 14. Kg3 Nb6
15. Be2 f5 16. exf5 Bxf5 17. dxc6 Qf6 18. h3 bxc6 19. Qb3 Nd5 20. Kh2 e4 21.
Rd1 Bd6+ 22. Kh1 Qe5 23. f4 Nxf4 24. Bxf4 Qxf4 25. Rxd6 Qxd6 26. Rd1 Qe5 27.
Bc4 Rb8 28. Qe3 Be6 29. Rd4 Bd5 30. Nc3 Rd8 31. Nxd5 cxd5 32. Bb5+ Kf7 33. Rd1
Rhf8 34. Qxa7+ Kg8 35. Qc5 e3 36. Re1 e2 37. Bxe2 Rfe8 38. Kg1 Qg3 39. Qf2 Qe5
40. b3 Re7 41. a5 Qc3 42. Rf1 Qxa5 43. Bg4 h6 44. Qh4 Qc5+ 45. Kh1 Qd6 46. Ra1
Re5 47. Bf3 Rde8 48. b4 d4 49. Qf2 d3 50. Qd2 Kh8 51. Rc1 Qd4 52. Rd1 Rb8 53.
Rb1 Reb5 54. Rd1 Rd8 55. Rb1 Rdb8 56. Rd1 Rd8 1/2-1/2

[Event "Superettan(Kamraterna-Schack 08)"]
[Site "?"]
[Date "2020.02.02"]
[Round "6"]
[White "Bjorkeroth, Johan"]
[Black "Mohammadi, Amir"]
[Result "0-1"]
[WhiteElo "2149"]
[BlackElo "2294"]
[PlyCount "96"]
[EventDate "2020.??.??"]
1. e4 c5 2. Nc3 Nc6 3. g3 g6 4. Bg2 Bg7 5. d3 d6 6. Nge2 Rb8 7. O-O b5 8. a3 e6
9. Be3 Nd4 10. Qd2 Ne7 11. Rab1 O-O 12. Nd1 Nec6 13. Nxd4 cxd4 14. Bh6 Bxh6 15.
Qxh6 b4 16. axb4 Nxb4 17. Rc1 Ba6 18. Qd2 Qb6 19. f4 f5 20. Nf2 Rbc8 21. g4 Rc7
22. exf5 exf5 23. Kh1 Bb7 24. Rg1 Nd5 25. gxf5 Rxf5 26. Ng4 Kg7 27. Be4 Ne3 28.
c3 Rxf4 29. Nxe3 dxe3 30. Qg2 Rxe4 31. dxe4 Re7 32. Qg5 Bxe4+ 33. Rg2 Re5 34.
Qg4 Bxg2+ 35. Qxg2 e2 36. Re1 Qxb2 37. Qc6 Qd2 38. Qd7+ Kh6 39. Qh3+ Rh5 40.
Qg3 Qd5+ 41. Qg2 Qxg2+ 42. Kxg2 Re5 43. Kf3 a5 44. Kf4 a4 45. c4 Re7 46. h4 a3
47. c5 dxc5 48. h5 g5+ 0-1

[Event "Superettan(Kungstornet-Vasteras II)"]
[Site "?"]
[Date "2020.02.02"]
[Round "4"]
[White "Glimbrant, Torbjorn"]
[Black "Kretz, Johan"]
[Result "1/2-1/2"]
[WhiteElo "2242"]
[BlackElo "2204"]
[PlyCount "140"]
[EventDate "2020.??.??"]
1. Nf3 Nf6 2. c4 e6 3. d4 Bb4+ 4. Bd2 Qe7 5. g3 Nc6 6. Nc3 d5 7. cxd5 exd5 8.
Bg2 O-O 9. O-O Bg4 10. Bg5 Rad8 11. a3 Bxc3 12. bxc3 Rfe8 13. h3 Bc8 14. Re1 h6
15. Bxf6 Qxf6 16. Nd2 Qg6 17. Rb1 b6 18. e3 Na5 19. Kh2 Bf5 20. Rb4 Bd3 21. Nf3
Nc4 22. Ne5 Rxe5 23. dxe5 a5 24. Rxc4 dxc4 25. f4 Qe6 26. Qa4 Qe7 27. Qc6 Qc5
28. h4 Bf5 29. Qxc5 bxc5 30. e4 Bg4 31. Bf1 Rd2+ 32. Kg1 Rd3 33. Rc1 Rxg3+ 34.
Kh2 Re3 35. Bxc4 Rxe4 36. Bd5 Rxf4 37. Kg3 g5 38. hxg5 hxg5 39. Rb1 Be6 40.
Bxe6 fxe6 41. Rb7 Rc4 42. Rxc7 Kf8 43. a4 Ke8 44. Kf3 Kd8 45. Ra7 Rxa4 46. Ke3
Ra1 47. Kd3 Re1 48. Kc4 Rxe5 49. Kb5 c4+ 50. Kxc4 Rd5 51. Kb3 Ke8 52. c4 Rf5
53. Kc3 g4 54. Rg7 Rf4 55. c5 a4 56. c6 Kd8 57. Rg6 a3 58. Kb3 Ra4 59. Ka2 e5
60. Rg7 Kc8 61. Re7 Ra6 62. Rxe5 Rxc6 63. Kxa3 Rg6 64. Kb2 Kd7 65. Kc2 g3 66.
Re1 g2 67. Rg1 Ke6 68. Kd3 Kf5 69. Ke3 Rg3+ 70. Kf2 Kf4 1/2-1/2